| 000 | 00404nam a2200169Ia 4500 | ||
|---|---|---|---|
| 008 | 230524s9999 xx 000 0 und d | ||
| 020 | _a97893808667 | ||
| 082 |
_a620.1 _bGUJ |
||
| 100 | _aI.S.Gujral | ||
| 245 | 0 | _aEngineering Mechanics | |
| 250 | _a2 | ||
| 260 |
_aNew Delhi _bUniversity Press _c2011 |
||
| 300 | _a"XI,841p;" | ||
| 500 | _aQuantity Number: 1 | ||
| 650 | _aMechanics | ||
| 942 | _cBK | ||
| 999 |
_c57636 _d57636 |
||